ARRUPE JESUIT UNIVERSITY

CORONAVIRUS -STOP THE SPREAD - CLEAN,DISINFECT,COVER

Risk and rhetoric in religion; (Record no. 120797)

MARC details
000 -LEADER
fixed length control field 00866cam a2200265 4500
001 - CONTROL NUMBER
control field 2185377
003 - CONTROL NUMBER IDENTIFIER
control field ARRUPE
005 - DATE AND TIME OF LATEST TRANSACTION
control field 20140910105217.0
008 - FIXED-LENGTH DATA ELEMENTS--GENERAL INFORMATION
fixed length control field 720321s1972 pau b 001 0 eng
010 ## - LIBRARY OF CONGRESS CONTROL NUMBER
LC control number 71171501
020 ## - INTERNATIONAL STANDARD BOOK NUMBER
International Standard Book Number 0800600506
040 ## - CATALOGING SOURCE
Original cataloging agency DLC
Transcribing agency DLC
Modifying agency DLC
050 00 - LIBRARY OF CONGRESS CALL NUMBER
Classification number BL65.L2
Item number L85
082 00 - DEWEY DECIMAL CLASSIFICATION NUMBER
Classification number 200/.1
300 ## - PHYSICAL DESCRIPTION
Dimensions 23 cm.
100 1# - MAIN ENTRY--PERSONAL NAME
Personal name Lundeen, Lyman T.
9 (RLIN) 11137
245 10 - TITLE STATEMENT
Title Risk and rhetoric in religion;
Remainder of title Whitehead's theory of language and the discourse of faith
Statement of responsibility, etc [by] Lyman T. Lundeen.
260 ## - PUBLICATION, DISTRIBUTION, ETC. (IMPRINT)
Place of publication, distribution, etc Philadelphia,
Name of publisher, distributor, etc Fortress Press
Date of publication, distribution, etc [1972]
300 ## - PHYSICAL DESCRIPTION
Extent xii, 276 p.
350 ## - PRICE (NR) (BK AM CF MU VM SE) [OBSOLETE]
Price $9.50
504 ## - BIBLIOGRAPHY, ETC. NOTE
Bibliography, etc Includes bibliographical references.
600 10 - SUBJECT ADDED ENTRY--PERSONAL NAME
Personal name Whitehead, Alfred North,
Dates associated with a name 1861-1947.
9 (RLIN) 11138
650 #0 - SUBJECT ADDED ENTRY--TOPICAL TERM
Topical term or geographic name as entry element Language and languages
General subdivision Religious aspects.
9 (RLIN) 11139
906 ## - LOCAL DATA ELEMENT F, LDF (RLIN)
a 7
b cbc
c orignew
d 2
e ncip
f 19
g y-gencatlg
942 ## - ADDED ENTRY ELEMENTS (KOHA)
Source of classification or shelving scheme Library of Congress Classification
Koha item type Monograph ( Printed materials)
Holdings
Withdrawn status Lost status Source of classification or shelving scheme Damaged status Not for loan Collection code Home library Current library Shelving location Date acquired Total Checkouts Full call number Barcode Date last seen Price effective from Koha item type
    Library of Congress Classification     Main Collection ARRUPE LIBRARY ARRUPE LIBRARY Main Collection 10/09/2014   BL65.L2 L85 46500001473 26/10/2016 10/09/2014 Monograph ( Printed materials)

 

Arrupe Library. PO Box MP320 Mt Pleasant, Harare, Zimbabwe
263 242 745411|librarian@aju.ac.zw